000 00456nam a2200181Ia 4500
005 20250326142729.0
008 250326s9999 xx 000 0 und d
037 _aTextbook
040 _aFMSL
_beng
_cFMSL
041 _aeng
_2eng
084 _qFMSL
100 _aRamanathan A R
245 0 _aGuide to cash audit
_cRamanathan A R
260 _aRamanath
_bRamanath, Iyer Const
_c1983
300 _a489p
942 _cTB
999 _c1296398
_d1296398